Statistics for Players With TD Receptions From Tom Brady - With Hints

Click here to take the quiz!

General Stats

  • This quiz has been taken 196 times
    (44 since last reset)
  • The average score is 36 of 98

Answer Stats

RecTDsInitPlayerTeamFirst TDLast TD% Correct
68941J EJulian EdelmanNWENov '09Dec '19
95%
713105R GRob GronkowskiBothSep '10Jan '22
95%
20440R MRandy MossNWESep '07Sep '10
93%
25136M EMike EvansTAMSep '20Jan '23
90%
9611A BAntonio BrownBothSep '19Oct '21
85%
35927J WJames WhiteNWENov '15Dec '19
85%
37116T BTroy BrownNWEOct '01Oct '06
85%
63138W WWes WelkerNWESep '07Jan '13
85%
221H EHeath EvansNWEOct '06Oct '06
83%
542R WRachaad WhiteTAMDec '22Dec '22
83%
21020A HAaron HernandezNWENov '10Dec '12
78%
673A SAntowain SmithNWENov '01Nov '02
78%
29116C GChris GodwinTAMSep '20Dec '22
75%
313J JJulio JonesTAMOct '22Jan '23
73%
381R JRonald JonesTAMNov '20Nov '20
73%
315B JBethel JohnsonNWENov '03Oct '05
68%
161C JChad JohnsonNWEDec '11Dec '11
68%
121C JCharles JohnsonNWENov '01Nov '01
68%
38428D BDeion BranchNWESep '02Jan '12
65%
522T JTyler JohnsonTAMOct '20Oct '20
65%
27115D ADanny AmendolaNWENov '13Jan '18
55%
2076L FLeonard FournetteTAMJan '21Oct '22
55%
18120B WBen WatsonNWEOct '05Dec '09
48%
123C JChad JacksonNWESep '06Oct '06
48%
13315C HChris HoganNWEOct '16Dec '18
43%
1056D LDion LewisNWEOct '15Dec '17
43%
36111K FKevin FaulkNWENov '01Oct '09
43%
684S MScott MillerTAMOct '20Jan '21
43%
737B CBrandin CooksNWESep '17Dec '17
40%
978C BCameron BrateTAMOct '20Jan '23
40%
632C DCorey DillonNWEDec '04Dec '05
40%
171L BLeGarrette BlountNWEOct '15Oct '15
40%
1010M VMike VrabelNWESep '02Oct '07
40%
273O HO.J. HowardTAMSep '20Oct '21
40%
131D TDavid ThomasNWEDec '06Dec '06
38%
604J GJosh GordonNWEOct '18Sep '19
38%
81A DAndre' DavisNWENov '05Nov '05
35%
13018D GDaniel GrahamNWESep '02Jan '07
35%
1045D WDanny WoodheadNWEOct '10Dec '12
35%
16717D PDavid PattenNWEOct '01Dec '04
33%
112K BKyle BradyNWEOct '07Oct '07
33%
814R BRex BurkheadNWESep '17Dec '18
33%
462C OCade OttonTAMNov '22Dec '22
30%
19319D GDavid GivensNWEOct '02Jan '06
30%
1389S VShane VereenNWENov '12Nov '14
30%
8513C FChristian FauriaNWESep '02Dec '05
28%
131D ADwayne AllenNWENov '17Nov '17
28%
262K MKeshawn MartinNWESep '15Dec '15
28%
492M EMarc EdwardsNWENov '01Nov '01
28%
141T GTerry GlennNWEOct '01Oct '01
28%
253C PCordarrelle PattersonNWESep '18Dec '18
25%
544D SDonte StallworthNWEOct '07Dec '12
25%
384K TKenbrell ThompkinsNWESep '13Oct '13
25%
131K VKe'Shawn VaughnTAMOct '20Oct '20
25%
441L MLaurence MaroneyNWENov '06Nov '06
25%
354M MMalcolm MitchellNWENov '16Dec '16
25%
576M BMartellus BennettNWEOct '16Jan '17
25%
246T WTim WrightNWEOct '14Nov '14
25%
1239B LBrandon LaFellNWESep '14Feb '15
23%
865B LBrandon LloydNWESep '12Jan '13
23%
212B PBreshad PerrimanTAMDec '21Sep '22
23%
81D WDedric WardNWENov '03Nov '03
23%
243J WJermaine WigginsNWEOct '01Jan '02
23%
142N HN'Keal HarryNWENov '19Dec '19
23%
765R CReche CaldwellNWEOct '06Jan '07
23%
583B BBrandon BoldenNWENov '15Oct '19
20%
41L BLe'Veon BellTAMJan '22Jan '22
20%
41M FMichael FloydNWEJan '17Jan '17
20%
234S CScott ChandlerNWESep '15Dec '15
20%
554A DAaron DobsonNWESep '13Nov '13
18%
93A CAlge CrumplerNWEDec '10Jan '11
18%
232B TBrandon TateNWEOct '10Dec '10
18%
122D HDonald HayesNWESep '02Dec '02
18%
253D GDoug GabrielNWESep '06Oct '06
18%
11E RElandon RobertsNWEDec '19Dec '19
18%
709J GJabar GaffneyNWEDec '06Jan '08
18%
31K RKyle RudolphTAMJan '23Jan '23
18%
291M HMichael HoomanawanuiNWEDec '13Dec '13
18%
11N SNate SolderNWEJan '15Jan '15
18%
591P PPatrick PassNWEDec '01Dec '01
18%
779P DPhillip DorsettNWESep '18Oct '19
18%
514R GRussell GageTAMSep '22Dec '22
18%
61R IRyan IzzoNWEOct '19Oct '19
18%
51B TBrian TymsNWEOct '14Oct '14
15%
102C GCyril GraysonTAMOct '21Jan '22
15%
273G BGiovani BernardTAMSep '21Oct '21
15%
271M SMohamed SanuNWENov '19Nov '19
15%
172T DTim DwightNWESep '05Oct '05
15%
161C CCam CleelandNWESep '02Sep '02
13%
142C BChris BakerNWESep '09Dec '09
13%
351J DJames DevelinNWEJan '15Jan '15
13%
31M MMatthew MulliganNWESep '13Sep '13
13%
21M LMatt LengelNWEDec '16Dec '16
13%
172S ASam AikenNWEOct '09Dec '09
13%
71K KKo KieftTAMNov '22Nov '22
10%
211L CLarry CentersNWESep '03Sep '03
10%
131M LMatt LaCosseNWEDec '19Dec '19
10%
11T ATom AshworthNWEDec '05Dec '05
10%

Score Distribution

Percentile by Number Answered

Percent of People with Each Score

Your Score History

You have not taken this quiz since the last reset